000 00978nam a2200241Ia 4500
999 _c38658
_d38658
001 4883
003 GE_BSU
005 20190813112348.0
008 181216s2007||||ge |||||||||||||| ||geo||
020 _a9992803835
040 _cGE_BSU
041 _ageo
080 _a811.124'373.46 + 61(038) გ-47
100 _aგიგოლაევა, ნელი
_9641
245 _aსამედიცინო ლათინური ენა /
_cნელი გიგოლაევა, რუსუდან გიორგობიანი, ნანა სირაძე.
264 _aთბილისი :
_bთსუ ;
_c2007.
300 _a548გვ. ;
_c22 სმ.
541 _h30ლ.
653 _aსამედიცინო ლათინური ენა
700 _a გიორგობიანი, რუსუდან
_eავტორი
_93535
700 _aსირაძე, ნანა
_eავტორი
_9643
942 _cBK
_2udc